Deutsche Großstädte - Statistiken

Allgemein
  • Dieses Quiz wurde 130 mal gespielt
  • Das Durchschnittsergebnis liegt bei 57 aus 80
Antwortstatistiken
Hint Antwort % Korrekt
759.224 Frankfurt am Main
100%
1.853.935 Hamburg
100%
1.073.096 Köln
100%
1.487.708 München
100%
3.677.472 Berlin
99%
626.275 Stuttgart
99%
601.866 Leipzig
98%
555.351 Dresden
97%
563.290 Bremen
96%
246.243 Kiel
96%
510.632 Nürnberg
96%
586.852 Dortmund
95%
619.477 Düsseldorf
95%
579.432 Essen
94%
535.932 Hannover
93%
217.556 Mainz
88%
213.227 Erfurt
86%
179.634 Saarbrücken
85%
334.002 Bielefeld
84%
331.885 Bonn
84%
183.154 Potsdam
84%
249.070 Aachen
83%
363.441 Bochum
83%
208.400 Rostock
83%
495.152 Duisburg
82%
296.478 Augsburg
81%
231.848 Freiburg
81%
311.831 Mannheim
81%
110.502 Jena
80%
306.502 Karlsruhe
79%
123.949 Wolfsburg
79%
260.126 Gelsenkirchen
78%
243.105 Chemnitz
77%
236.188 Magdeburg
77%
278.950 Wiesbaden
77%
200.406 Kassel
76%
317.713 Münster
76%
238.061 Halle
75%
138.016 Ingolstadt
74%
354.572 Wuppertal
74%
113.638 Koblenz
73%
248.823 Braunschweig
72%
216.277 Lübeck
72%
170.389 Oldenburg
72%
113.173 Bremerhaven
71%
163.851 Leverkusen
70%
261.001 Mönchen-Gladbach
70%
153.542 Regensburg
70%
126.949 Ulm
68%
159.245 Heidelberg
66%
165.034 Osnabrück
66%
126.933 Würzburg
66%
159.631 Darmstadt
65%
227.050 Krefeld
61%
131.295 Offenbach
61%
172.145 Ludwigshafen
60%
110.570 Trier
59%
129.122 Fürth
58%
116.557 Göttingen
57%
179.238 Hamm
56%
208.752 Oberhausen
56%
188.713 Hagen
55%
152.531 Paderborn
55%
113.292 Erlangen
51%
125.613 Heilbronn
48%
156.621 Herne
48%
158.957 Solingen
46%
152.731 Neuss
45%
101.516 Siegen
45%
117.311 Bottrop
44%
170.739 Mülheim
44%
110.714 Recklinghausen
44%
111.645 Bergisch Gladbach
43%
111.770 Remscheid
40%
125.529 Pforzheim
38%
103.725 Moers
37%
101.158 Gütersloh
35%
100.319 Hildesheim
35%
116.456 Reutlingen
34%
103.694 Salzgitter
32%
Keine übereinstimmenden Quizze gefunden
Verteilung der Resultate
Anzahl Personen mit jedem Resultat
Perzentil nach korrekt beantworteten Fragen
Ihre Resultats-Entwicklung
Sie haben dieses Quiz noch nicht gespielt